000 00506nam a22001697a 4500
005 20180129124253.0
010 _aENG-122162
020 _a9780199474981
_c695.00
035 _aEN-105694
037 _bDBAD/PUB
082 _a880.8
245 _aLiterary activism /
_cedited by Amit Chaudhuri
260 _aNew Delhi
_bOxford University Press
_c2017
270 _a2/11 Ground Floor, Ansari Road, Daryaganj
_bNew Delhi
_e110002
300 _a369p.
_c24cm
942 _2ddc
_cEN
_h880.8
_mLIT
999 _c149549
_d149549